000 00755pam a2200241 a 4500
001 1037030
005 20180208034157.0
008 891011s1990 nyu b s001 0 eng
010 _a 89028925
020 _a0791403777
020 _a0791403785 (pbk.)
040 _aDLC
_cDLC
_dDLC
041 _aeng
080 _a121.68
082 0 0 _a121.68 WRI
_220
100 _a24
101 _aFIL
245 0 0 _aFestivals of interpretation :
_cedited by Kathleen Wright.
504 _aIncludes bibliographical references and index.
906 _a7
_bcbc
_corignew
_d1
_eocip
_f19
_gy-gencatlg
942 _2ddc
_cBK
999 _c42078
_d42078